[Event "ROM-chT2"]
[Site "Slanic Moldova"]
[Date "2017.10.06"]
[Round "7.5"]
[White "Dicu, Razvan Stefan"]
[Black "Brosman, Alexandru"]
[Result "1/2-1/2"]
[WhiteElo "2206"]
[BlackElo "1821"]
[PlyCount "43"]
[EventDate "2017.09.30"]
[EventType "team-tourn"]
[EventRounds "9"]
[EventCountry "ROU"]
[SourceTitle "CBM 181 Extra"]
[Source "ChessBase"]
[SourceDate "2017.12.12"]
[SourceVersion "1"]
[SourceVersionDate "2017.12.12"]
[SourceQuality "1"]
[WhiteTeam "Otopeni"]
[BlackTeam "Arad CSU"]
[WhiteTeamCountry "ROU"]
[BlackTeamCountry "ROU"]

1. Nf3 Nf6 2. b3 c6 3. Bb2 d5 4. g3 Bf5 5. Bg2 e6 6. d3 h6 7. 0-0 Bc5 8. Nbd2 0-0 9. c4 Nbd7 10. Rc1 Qe7 11. h3 Bh7 12. Re1 Rfd8 13. e4 dxe4 14. dxe4 Ba3 15. Qc2 Bxb2 16. Qxb2 Nc5 17. Qa3 Kf8 18. e5 Nfe4 19. Nxe4 Nxe4 20. Qxe7+ Kxe7 21. Kf1 Nd2+ 22. Ke2 1/2-1/2

[Event "ROM-chT2"]
[Site "Slanic Moldova"]
[Date "2017.10.02"]
[Round "3.5"]
[White "Balint, Gyorgy"]
[Black "Brosman, Alexandru"]
[Result "1/2-1/2"]
[WhiteElo "1954"]
[BlackElo "1821"]
[PlyCount "90"]
[EventDate "2017.09.30"]
[EventType "team-tourn"]
[EventRounds "9"]
[EventCountry "ROU"]
[SourceTitle "CBM 181 Extra"]
[Source "ChessBase"]
[SourceDate "2017.12.12"]
[SourceVersion "1"]
[SourceVersionDate "2017.12.12"]
[SourceQuality "1"]
[WhiteTeam "Bistrita"]
[BlackTeam "Arad CSU"]
[WhiteTeamCountry "ROU"]
[BlackTeamCountry "ROU"]

1. e4 e5 2. Nf3 Nc6 3. Bc4 Bc5 4. 0-0 Nf6 5. c3 0-0 6. d4 exd4 7. cxd4 Be7 8. e5 Ne8 9. Nc3 d6 10. Qa4 Bd7 11. Qc2 Bg4 12. Qe4 Bxf3 13. gxf3 dxe5 14. dxe5 Qd4 15. Re1 Qxe4 16. Rxe4 Na5 17. Nd5 Bd8 18. Bd3 c6 19. Nc3 b6 20. b4 Nb7 21. Rc4 Be7 22. Be4 Nd8 23. b5 Rc8 24. bxc6 Nc7 25. a4 f5 26. Nd5 Bc5 27. Rxc5 bxc5 28. Ne7+ Kh8 29. Nxc8 fxe4 30. Nxa7 exf3 31. Be3 Nde6 32. Nb5 Na6 33. Nd6 Nb8 34. c7 Nxc7 35. Bxc5 Nc6 36. Nc4 Rf4 37. Ne3 Ne6 38. Bd6 Na5 39. Rb1 Kg8 40. Bb4 Nc6 41. Nd5 Rd4 42. Ne7+ Nxe7 43. Bxe7 Rxa4 44. h3 Re4 45. Bd6 Kf7 1/2-1/2

[Event "ROM-chT2"]
[Site "Slanic Moldova"]
[Date "2017.09.30"]
[Round "1.5"]
[White "Brosman, Alexandru"]
[Black "Hanga, Wylly"]
[Result "0-1"]
[WhiteElo "1821"]
[BlackElo "1913"]
[PlyCount "170"]
[EventDate "2017.09.30"]
[EventType "team-tourn"]
[EventRounds "9"]
[EventCountry "ROU"]
[SourceTitle "CBM 181 Extra"]
[Source "ChessBase"]
[SourceDate "2017.12.12"]
[SourceVersion "1"]
[SourceVersionDate "2017.12.12"]
[SourceQuality "1"]
[WhiteTeam "Arad CSU"]
[BlackTeam "Husi"]
[WhiteTeamCountry "ROU"]
[BlackTeamCountry "ROU"]

1. e4 e5 2. Nf3 Nc6 3. Bb5 a6 4. Ba4 Nf6 5. 0-0 Be7 6. Re1 b5 7. Bb3 0-0 8. a4 Bb7 9. c3 d6 10. d3 Na5 11. Bc2 c5 12. Nbd2 Qc7 13. Nf1 Rfe8 14. Bd2 Bf8 15. Ng3 g6 16. Bg5 Bg7 17. Qd2 c4 18. d4 Nd7 19. Ra3 Nf8 20. d5 Nd7 21. axb5 axb5 22. Be3 Ra6 23. Rea1 Rea8 24. Bh6 Qd8 25. Be3 Qc7 26. Qd1 Nc5 27. Bxc5 Qxc5 28. b4 cxb3 29. Bxb3 Qxc3 30. Bc2 Qc5 31. Bd3 Nc4 32. Rxa6 Rxa6 33. Rb1 Bc8 34. Qe2 Ra8 35. h3 Bh6 36. Qe1 Bd7 37. Qc3 Ra2 38. Ne2 Bf4 39. Ra1 b4 40. Qe1 Rxa1 41. Qxa1 Qa5 42. Qe1 Na3 43. Nxf4 exf4 44. Nd4 Qc5 45. Qa1 Qc3 46. Qxc3 bxc3 47. Nc2 Nxc2 48. Bxc2 f3 49. Kh2 fxg2 50. Kxg2 Kg7 51. f4 Kf6 52. h4 h6 53. Kf3 Ke7 54. Ke3 f6 55. e5 dxe5 56. fxe5 fxe5 57. Bxg6 Ba4 58. Kd3 c2 59. Kd2 Kd6 60. Be4 Bb3 61. Kc1 Bxd5 62. Bxc2 Kc5 63. Kd2 Kd4 64. Ke2 Be4 65. Ba4 Bg6 66. Bb5 Bh5+ 67. Kf2 Ke4 68. Kg3 Ke3 69. Bc6 Bd1 70. Be8 Bf3 71. Bf7 e4 72. Bd5 Bh5 73. Bc6 Bg6 74. Kg4 Kd4 75. Kg3 e3 76. Bb5 Kc3 77. Kg2 Kd2 78. Kg3 e2 79. Bxe2 Kxe2 80. Kg4 h5+ 81. Kg3 Ke3 82. Kh3 Kf3 83. Kh2 Kg4 84. Kh1 Kxh4 85. Kh2 Be4 0-1

[Event "Arad op 10th"]
[Site "Arad"]
[Date "2017.08.06"]
[Round "1"]
[White "Brosman, Alexandru"]
[Black "Yao, Stefano"]
[Result "0-1"]
[WhiteElo "1838"]
[BlackElo "2302"]
[PlyCount "90"]
[EventDate "2017.08.06"]
[EventType "swiss"]
[EventRounds "9"]
[EventCountry "ROU"]
[SourceTitle "CBM 179 Extra"]
[Source "ChessBase"]
[SourceDate "2017.08.23"]
[SourceVersion "1"]
[SourceVersionDate "2017.08.23"]
[SourceQuality "1"]

1. e4 d5 2. exd5 Nf6 3. Bb5+ Bd7 4. Bc4 Bg4 5. f3 Bf5 6. Nc3 Nbd7 7. Nge2 Nb6 8. Bb3 a5 9. a3 a4 10. Ba2 Nfxd5 11. Nxd5 Nxd5 12. d4 e6 13. c4 Nb6 14. Be3 Be7 15. 0-0 0-0 16. Ng3 Bg6 17. Ne4 e5 18. dxe5 Bxe4 19. fxe4 Nd7 20. Bd4 Bc5 21. Kh1 Bxd4 22. Qxd4 Qe7 23. Rad1 Rad8 24. c5 Nxe5 25. Qxa4 Qxc5 26. b4 Qe3 27. Rde1 Qd2 28. Qb3 Rd3 29. Rd1 Qe2 30. Rde1 Rxb3 31. Rxe2 Rxa3 32. h3 g6 33. Rd1 Rfa8 34. Rdd2 Kg7 35. Kh2 h5 36. Rc2 c6 37. b5 cxb5 38. Bd5 b4 39. Rc7 R8a7 40. Bxf7 b5 41. Rxa7 Rxa7 42. Bd5 Nc4 43. Bc6 b3 44. Re1 b2 45. Rb1 Ra1 0-1

[Event "Arad op"]
[Site "Arad"]
[Date "2012.07.31"]
[Round "6"]
[White "Brosman, Alexandru"]
[Black "Dicu, Razvan Stefan"]
[Result "0-1"]
[WhiteElo "1929"]
[BlackElo "2176"]
[PlyCount "94"]
[EventDate "2012.07.27"]
[EventType "swiss"]
[EventRounds "9"]
[EventCountry "ROU"]
[SourceTitle "CBM 149 Extra"]
[Source "ChessBase"]
[SourceDate "2012.08.24"]
[SourceVersion "1"]
[SourceVersionDate "2012.08.24"]
[SourceQuality "1"]

1. d4 e6 2. c4 Nf6 3. Nf3 b6 4. g3 Bb7 5. Bg2 Be7 6. 0-0 0-0 7. Nc3 Ne4 8. Bd2 f5 9. Rc1 Bf6 10. d5 c5 11. Ne1 Nxc3 12. Bxc3 Bxc3 13. Rxc3 e5 14. Re3 d6 15. h4 Nd7 16. Qc2 Bc8 17. Rc3 Nf6 18. Bh3 Ne4 19. Rd3 a6 20. Kh2 b5 21. f3 bxc4 22. Qxc4 Nf6 23. Ng2 Bd7 24. Rdd1 g6 25. Rd2 Qa5 26. Rfd1 Rab8 27. b3 Rb4 28. Qc1 Bb5 29. Ne3 f4 30. gxf4 Rxf4 31. Ng2 Rb4 32. Qc3 Bd7 33. Bxd7 Rxh4+ 34. Nxh4 Qxc3 35. Be6+ Kh8 36. e4 Nh5 37. Rd3 Qa5 38. a4 Qd8 39. Ng2 Qg5 40. Bg4 Nf4 41. Nxf4 Rxf4 42. Rg1 Kg7 43. Bh3 Qh5 44. Rg3 a5 45. Kg2 Qh4 46. Rg4 Qe1 47. Rxf4 exf4 0-1

[Event "Arad op"]
[Site "Arad"]
[Date "2012.07.29"]
[Round "4"]
[White "Brosman, Alexandru"]
[Black "Stefan, Romulus Cristian"]
[Result "0-1"]
[WhiteElo "1929"]
[BlackElo "2180"]
[PlyCount "66"]
[EventDate "2012.07.27"]
[EventType "swiss"]
[EventRounds "9"]
[EventCountry "ROU"]
[SourceTitle "CBM 149 Extra"]
[Source "ChessBase"]
[SourceDate "2012.08.24"]
[SourceVersion "1"]
[SourceVersionDate "2012.08.24"]
[SourceQuality "1"]

1. d4 f5 2. c4 Nf6 3. g3 g6 4. b3 Bg7 5. Bg2 d6 6. Bb2 c6 7. Nf3 Na6 8. 0-0 0-0 9. Nbd2 Rb8 10. Ne1 e5 11. d5 c5 12. e4 f4 13. gxf4 Nh5 14. fxe5 Nf4 15. Ndf3 Bg4 16. Bc3 dxe5 17. Rc1 Qd6 18. Bd2 Qd7 19. Rc3 Nxg2 20. Nxg2 Rf7 21. Re1 Rbf8 22. Ree3 Nc7 23. Nge1 Ne8 24. Qc2 Nd6 25. b4 cxb4 26. Rb3 a5 27. a3 b5 28. c5 Nc4 29. axb4 a4 30. Rbc3 Nxe3 31. Rxe3 Bxf3 32. Nxf3 Qg4+ 33. Kf1 Rxf3 0-1

[Event "Arad op"]
[Site "Arad"]
[Date "2012.07.28"]
[Round "2"]
[White "Brosman, Alexandru"]
[Black "Sandor, Petrut"]
[Result "0-1"]
[WhiteElo "1929"]
[BlackElo "2227"]
[PlyCount "92"]
[EventDate "2012.07.27"]
[EventType "swiss"]
[EventRounds "9"]
[EventCountry "ROU"]
[SourceTitle "CBM 149 Extra"]
[Source "ChessBase"]
[SourceDate "2012.08.24"]
[SourceVersion "1"]
[SourceVersionDate "2012.08.24"]
[SourceQuality "1"]

1. d4 Nf6 2. c4 e6 3. Nf3 Bb4+ 4. Nbd2 d5 5. Qb3 Nc6 6. e3 0-0 7. a3 Be7 8. Qc2 a5 9. b3 Ne8 10. Bd3 f5 11. c5 Nf6 12. 0-0 Ne4 13. Bb2 Bd7 14. Bb5 Nb4 15. axb4 Bxb5 16. Rfe1 axb4 17. Rxa8 Qxa8 18. Ra1 Qb8 19. Ne5 Bf6 20. Nd3 Bxd3 21. Qxd3 Nxc5 22. Qb5 Na6 23. f3 c6 24. Qd3 Be7 25. Rc1 Bd6 26. Nf1 e5 27. e4 fxe4 28. fxe4 dxe4 29. Qxe4 Rf4 30. Qe3 exd4 31. Qe6+ Kh8 32. Re1 Qf8 33. Nd2 Nc7 34. Qc4 c5 35. Nf3 Qf7 36. Qd3 Qf5 37. Qe2 Qf8 38. Ng5 h6 39. Qh5 Kg8 40. Nf3 Qf5 41. Re8+ Nxe8 42. Qxe8+ Kh7 43. Qe2 Qb1+ 44. Kf2 d3 45. Qd2 Re4 46. Ne1 Bf4 0-1